[Event "Sao Joao del Rei op"]
[Site "Sao Joao del Rei"]
[Date "2020.02.09"]
[Round "4"]
[White "Mourao, Elcio Conte Lofredo"]
[Black "Da Silva, Wagner Afonso"]
[Result "0-1"]
[WhiteElo "2001"]
[BlackElo "1916"]
[PlyCount "64"]
[EventDate "2020.02.08"]
[EventType "swiss"]
[EventRounds "5"]
[EventCountry "BRA"]
[SourceTitle "CBM 195 Extra"]
[Source "ChessBase"]
[SourceDate "2020.05.31"]
[SourceVersion "1"]
[SourceVersionDate "2020.05.31"]
[SourceQuality "1"]

1. d4 Nf6 2. Nf3 d5 3. Bg5 Bg4 4. e3 e6 5. c4 c6 6. Bxf6 Qxf6 7. Qb3 b6 8. Nbd2 Bd6 9. cxd5 exd5 10. Bd3 0-0 11. 0-0 Nd7 12. Rac1 Rac8 13. Rc3 a5 14. a3 b5 15. Rfc1 b4 16. R3c2 Rc7 17. Kh1 Nb8 18. Qa4 Ra7 19. e4 Bf4 20. e5 Qh6 21. Rd1 Bxh2 22. axb4 Bxe5+ 23. Kg1 Bh2+ 24. Kf1 Bd6 25. Re1 Qh1+ 26. Ke2 Qxg2 27. Qb3 Re7+ 28. Kd1 Bxf3+ 29. Nxf3 Qxf3+ 30. Rce2 g6 31. bxa5 Rfe8 32. Qc2 Bb4 0-1

[Event "Rio de Janeiro Region Sudeste-ch"]
[Site "Rio de Janeiro"]
[Date "2014.04.21"]
[Round "6"]
[White "Mourao, Elcio Conte Lofredo"]
[Black "Costa, Carlos Gustavo Silv"]
[Result "1-0"]
[WhiteElo "2034"]
[BlackElo "1942"]
[PlyCount "79"]
[EventDate "2014.04.18"]
[EventType "swiss"]
[EventRounds "6"]
[EventCountry "BRA"]
[SourceTitle "CBM 160 Extra"]
[Source "ChessBase"]
[SourceDate "2014.07.01"]
[SourceVersion "1"]
[SourceVersionDate "2014.07.01"]
[SourceQuality "1"]

1. d4 d5 2. Nf3 Nf6 3. Bg5 Nbd7 4. e3 e6 5. c3 c5 6. Bd3 h6 7. Bh4 Bd6 8. Nbd2 0-0 9. 0-0 cxd4 10. exd4 Qc7 11. Re1 Ng4 12. Nf1 e5 13. Bf5 h5 14. Bxd7 Bxd7 15. dxe5 Nxe5 16. Nxe5 Bxe5 17. Qxh5 Rfe8 18. Bg3 Bxg3 19. Nxg3 Be6 20. Qg5 f6 21. Qd2 Qf7 22. Ne2 Re7 23. Nd4 Rae8 24. Re3 Bd7 25. Rae1 Re5 26. Nf3 Re4 27. Nd4 f5 28. f3 f4 29. Rxe4 dxe4 30. Rxe4 Qxa2 31. Rxe8+ Bxe8 32. Qe2 Bf7 33. h3 a5 34. Qd2 Bc4 35. Kh2 a4 36. Nf5 Bf1 37. Qd4 Qf7 38. Qxf4 b5 39. Qg5 Qe6 40. Qxg7# 1-0

[Event "Rio de Janeiro Region Sudeste-ch"]
[Site "Rio de Janeiro"]
[Date "2014.04.19"]
[Round "3"]
[White "Mendes, Rodrigo Machado"]
[Black "Mourao, Elcio Conte Lofredo"]
[Result "1-0"]
[WhiteElo "1864"]
[BlackElo "2034"]
[PlyCount "115"]
[EventDate "2014.04.18"]
[EventType "swiss"]
[EventRounds "6"]
[EventCountry "BRA"]
[SourceTitle "CBM 160 Extra"]
[Source "ChessBase"]
[SourceDate "2014.07.01"]
[SourceVersion "1"]
[SourceVersionDate "2014.07.01"]
[SourceQuality "1"]

1. c4 e6 2. g3 d5 3. Bg2 c6 4. Nf3 Bd6 5. b3 Nf6 6. Bb2 0-0 7. 0-0 Nbd7 8. d4 Re8 9. Nbd2 e5 10. dxe5 Nxe5 11. cxd5 Nxd5 12. Rc1 Nf6 13. Qc2 Qe7 14. Rfe1 Bg4 15. Nd4 Ba3 16. Bxa3 Qxa3 17. f4 Ng6 18. e4 Rad8 19. N4f3 Bxf3 20. Bxf3 Qb4 21. Rcd1 Qb6+ 22. Kg2 Nf8 23. Nc4 Qc7 24. Rxd8 Rxd8 25. Rd1 Ne6 26. Rxd8+ Qxd8 27. Qd2 Qxd2+ 28. Nxd2 Kf8 29. Kf2 Ke7 30. Ke3 Nd7 31. Nc4 Nb6 32. Na5 Nd8 33. h4 Kd6 34. Kd3 Kc5 35. Kc3 Kb5 36. b4 Nd7 37. e5 Nf8 38. Nc4 Nfe6 39. Nd6+ Kb6 40. a4 g6 41. Bg4 Ng7 42. Kc4 a5 43. b5 cxb5+ 44. Nxb5 Ne8 45. Bd7 Ng7 46. Nd6 Nh5 47. Ne4 Ne6 48. Kd5 Kc7 49. Bxe6 fxe6+ 50. Kxe6 b5 51. axb5 a4 52. Nc3 a3 53. Kf7 Nxg3 54. e6 Ne4 55. Nxe4 a2 56. e7 a1Q 57. e8Q Qd4 58. Qe5+ 1-0

[Event "Pocos de Caldas op"]
[Site "Pocos de Caldas"]
[Date "2014.02.15"]
[Round "3"]
[White "Mourao, Elcio Conte Lofredo"]
[Black "Mendeleh Junior, Jorge"]
[Result "1/2-1/2"]
[WhiteElo "1825"]
[BlackElo "1837"]
[PlyCount "80"]
[EventDate "2014.02.14"]
[EventType "swiss"]
[EventRounds "6"]
[EventCountry "BRA"]
[SourceTitle "CBM 158 Extra"]
[Source "ChessBase"]
[SourceDate "2014.02.28"]
[SourceVersion "1"]
[SourceVersionDate "2014.02.28"]
[SourceQuality "1"]

1. d4 g6 2. Nf3 Bg7 3. c4 Nf6 4. Nc3 0-0 5. e4 d6 6. h3 e5 7. dxe5 dxe5 8. Qxd8 Rxd8 9. Bg5 Re8 10. Nd5 Nxd5 11. cxd5 c6 12. Bc4 cxd5 13. Bxd5 Nc6 14. 0-0 Nd4 15. Nxd4 exd4 16. Rac1 Be6 17. Bxb7 Rab8 18. Bc6 Rec8 19. b3 h6 20. Bf4 Rb6 21. Bd5 Rxc1 22. Rxc1 Bxd5 23. exd5 Rb5 24. d6 Rd5 25. Kf1 g5 26. Bd2 Be5 27. Rc8+ Kg7 28. Rc7 Rxd6 29. Rxa7 d3 30. Ra4 f5 31. Rc4 f4 32. a4 Kf7 33. b4 Ke6 34. Ke1 Bd4 35. a5 Kd5 36. Rc8 Re6+ 37. Kf1 Re2 38. Be1 Rb2 39. Rd8+ Kc4 40. Rc8+ Kd5 1/2-1/2

[Event "Pocos de Caldas op"]
[Site "Pocos de Caldas"]
[Date "2014.02.14"]
[Round "2"]
[White "Goncalves, Ivan Mesquita V"]
[Black "Mourao, Elcio Conte Lofredo"]
[Result "1-0"]
[WhiteElo "2169"]
[BlackElo "1825"]
[PlyCount "55"]
[EventDate "2014.02.14"]
[EventType "swiss"]
[EventRounds "6"]
[EventCountry "BRA"]
[SourceTitle "CBM 158 Extra"]
[Source "ChessBase"]
[SourceDate "2014.02.28"]
[SourceVersion "1"]
[SourceVersionDate "2014.02.28"]
[SourceQuality "1"]

1. d4 d5 2. Nf3 Nf6 3. c4 dxc4 4. e3 a6 5. Bxc4 e6 6. 0-0 c5 7. Qe2 b5 8. Bb3 Bb7 9. Rd1 cxd4 10. Nc3 Nbd7 11. exd4 Nb6 12. Ne5 Nbd5 13. Nxb5 Bb4 14. Qd3 Qa5 15. Na3 Bxa3 16. Nc4 Qc7 17. Nxa3 0-0 18. Bg5 Rfc8 19. Nc4 a5 20. Rdc1 Nb4 21. Qh3 Qd8 22. Ne5 Nbd5 23. Re1 a4 24. Bxd5 Bxd5 25. Ng4 Rc2 26. Qh4 Qf8 27. Nxf6+ gxf6 28. Bh6 1-0

[Event "LSS ZH-2009-0-00342"]
[Site "LSS email"]
[Date "2009.10.19"]
[Round "?"]
[White "Mourao, Elcio Conte Lofredo"]
[Black "Fuzishawa, Richard Mitsuo"]
[Result "0-1"]
[WhiteElo "2188"]
[BlackElo "2065"]
[PlyCount "82"]
[EventDate "2009.10.08"]
[EventType "match (corr)"]
[EventRounds "2"]
[EventCountry "GER"]
[SourceTitle "Telechess CBM 137"]
[Source "ChessBase"]
[SourceDate "2010.07.15"]
[SourceVersion "1"]
[SourceVersionDate "2010.07.15"]
[SourceQuality "1"]

1. e4 e5 2. Nf3 Nc6 3. Bb5 a6 4. Bxc6 dxc6 5. 0-0 Qd6 6. d3 f6 7. Be3 c5 8. Nbd2 Be6 9. Qe2 Ne7 10. c3 Nc6 11. Rfd1 0-0-0 12. Nc4 Qe7 13. a3 b5 14. Ncd2 Qd7 15. Ne1 Nd4 16. cxd4 cxd4 17. b4 dxe3 18. Qxe3 Qd4 19. Qxd4 Rxd4 20. Ndf3 Rd6 21. d4 exd4 22. Nxd4 Bc4 23. Nf5 Rxd1 24. Rxd1 c5 25. Nd6+ Bxd6 26. Rxd6 cxb4 27. axb4 Rd8 28. Rxd8+ Kxd8 29. f4 a5 30. Kf2 axb4 31. Ke3 Kd7 32. Kd4 Kd6 33. Nf3 b3 34. Kc3 Kc5 35. Nd2 b4+ 36. Kb2 Kd4 37. Nxc4 Kxc4 38. e5 fxe5 39. fxe5 Kd5 40. Kxb3 Kxe5 41. Kxb4 Kd4 0-1

[Event "Rio de Janeiro State-ch"]
[Site "Rio de Janeiro"]
[Date "2008.01.26"]
[Round "4.14"]
[White "Mourao, Elcio Conte Lofredo"]
[Black "Pacheco, Fernando Lourenco"]
[Result "0-1"]
[WhiteElo "2008"]
[BlackElo "1861"]
[PlyCount "122"]
[EventDate "2008.01.19"]
[EventType "swiss"]
[EventRounds "7"]
[EventCountry "BRA"]
[SourceTitle "EXT 2022"]
[Source "ChessBase"]
[SourceDate "2021.10.06"]
[SourceVersion "1"]
[SourceVersionDate "2021.10.06"]
[SourceQuality "1"]

1. d4 d5 2. Nf3 e6 3. Bg5 Nf6 4. e3 Nbd7 5. c4 c6 6. Nc3 h6 7. Bxf6 Nxf6 8. Bd3 Bd6 9. 0-0 Nd7 10. cxd5 exd5 11. Qc2 0-0 12. Rfe1 Nf6 13. h3 Re8 14. a3 Bd7 15. Rac1 a6 16. e4 dxe4 17. Nxe4 Nxe4 18. Bxe4 Qf6 19. d5 c5 20. Qb3 b5 21. Bb1 g6 22. Qc3 Rxe1+ 23. Nxe1 Be5 24. Qxc5 Bd4 25. Qc2 Rc8 26. Qxc8+ Bxc8 27. Rxc8+ Kg7 28. Nf3 Bxb2 29. Rc6 Qf4 30. Ba2 Bxa3 31. Rxa6 Bd6 32. Ne1 Qd2 33. Rxd6 Qxe1+ 34. Kh2 Qxf2 35. Ra6 b4 36. Ra8 Qb2 37. Bc4 Qc3 38. Ba2 g5 39. Ra6 b3 40. d6 bxa2 41. Rxa2 Qe5+ 42. Kh1 Qxd6 43. Rf2 h5 44. Rf1 Kg6 45. Rf2 Qe5 46. Rf1 h4 47. Rf3 f5 48. Rf1 g4 49. hxg4 fxg4 50. Kg1 Qg3 51. Kh1 Kg5 52. Rf8 h3 53. gxh3 Qxh3+ 54. Kg1 Qh7 55. Kg2 Qe7 56. Rf2 Kh4 57. Kg1 Qb7 58. Rh2+ Kg3 59. Rf2 Qb6 60. Kh1 Qb1+ 61. Rf1 Qxf1# 0-1